[Event "FSIM May 2012"]
[Site "Budapest HUN"]
[Date "2012.05.13"]
[Round "9"]
[White "Tesik,C"]
[Black "Dolgener,T"]
[Result "1-0"]
[WhiteElo "2339"]
[BlackElo "2215"]

1.e4 c5 2.Nf3 Nc6 3.Nc3 a6 4.d4 cxd4 5.Nxd4 e5 6.Nf5 d6 7.Bc4 g6 8.Ne3 Be6
9.Ned5 b5 10.Bb3 Bg7 11.Be3 Rb8 12.O-O Nge7 13.Bg5 h6 14.Nxe7 Nxe7 15.Bxe7 Qxe7
16.Nd5 Qb7 17.a4 b4 18.a5 O-O 19.Qd3 Rfc8 20.Nb6 Rc6 21.Ra4 Bxb3 22.Qxb3 Rc5
23.Rxb4 Rxa5 24.Nd5 Rb5 25.Rxb5 Qxb5 26.Qxb5 Rxb5 27.b4 a5 28.c4 Rxb4 29.Nxb4 axb4
30.Rb1 Kf8 31.Rxb4 Ke7 32.Rb7+ Ke6 33.Kf1 Bf6 34.Ke2  1-0

[Event "Open Hradec Kralove 2012"]
[Site "Hradec Kralove CZE"]
[Date "2012.05.15"]
[Round "4"]
[White "Larsen,Pet"]
[Black "Jedlicka,A"]
[Result "0-1"]
[WhiteElo "2232"]
[BlackElo "2215"]

1.e4 c5 2.Nc3 Nc6 3.Bb5 g6 4.Bxc6 bxc6 5.d3 Bg7 6.f4 d6 7.Nf3 Nh6 8.O-O O-O
9.Qe1 f6 10.Kh1 Nf7 11.b3 f5 12.Bb2 e5 13.fxe5 Nxe5 14.Nxe5 Bxe5 15.Na4 Re8
16.Bxe5 Rxe5 17.Qf2 Qe7 18.Nc3 fxe4 19.Nxe4 Bf5 20.Ng3 Re8 21.h3 d5 22.Qf4 Bc8
23.Rf2 Rf8 24.Qxf8+ Qxf8 25.Rxf8+ Kxf8 26.Kg1 Ke7 27.Kf2 Kd6 28.Re1 Rxe1
29.Kxe1 Ke5 30.c4 h5 31.h4 Kf4 32.Kf2 Bf5 33.Ne2+ Kg4 34.g3 Bxd3 35.cxd5 cxd5
36.Nf4 Be4 37.Ne6 c4 38.bxc4 dxc4 39.Nd4 c3 40.a3 c2 41.Ne2 Bd3 42.Nc1 Bc4
43.Kg2 a5 44.Kf2 a4 45.Kg2 Kf5 46.Kf3 Ke5 47.Ke3 Kd5 48.Kd2 Ke4 49.Kxc2 Kf3
50.Kc3 Bf1 51.Na2 Kxg3 52.Kd2 Bb5 53.Nc3 Bc6 54.Ke3 Kxh4 55.Ne2 Kg5 56.Nd4 Bd7
57.Nf3+ Kf5 58.Nh4+ Kf6 59.Nf3 g5 60.Nd2 Bc6 61.Nc4 h4 62.Nd6 g4 63.Nc4 g3
64.Nb2 h3 65.Nd3 h2  0-1

[Event "21st CRO-Cup"]
[Site "Sibenik CRO"]
[Date "2012.05.16"]
[Round "1.84"]
[White "Vargic,D"]
[Black "Tomas,Ante"]
[Result "1-0"]
[WhiteElo "2351"]
[BlackElo "1831"]

1.e4 c5 2.Nc3 Nc6 3.Nf3 e6 4.Bb5 Nge7 5.O-O a6 6.Be2 d5 7.exd5 Nxd5 8.Re1 Be7
9.Ne4 O-O 10.d3 b5 11.c4 Nf6 12.cxb5 axb5 13.Qb3 Rb8 14.Bf4 Rb6 15.Be3 Nd4
16.Nxd4 cxd4 17.Bd2 b4 18.Rec1 Bb7 19.Nc5 Bd5 20.Qd1 Rb5 21.Nb3 e5 22.Bf3 Qa8
23.Bxd5 Qxd5 24.f3 Qe6 25.Rc4 Nd5 26.Qe2 Nb6 27.Rc2 Rc8 28.Rxc8+ Nxc8 29.Rc1 Nb6
30.Qe4 Nd5 31.Rc4 g6 32.h4 h5 33.Kh2 Kg7 34.g3 Nb6 35.Rc6 Qd5 36.Bg5 Qxe4
37.fxe4 Bxg5 38.hxg5 Na4 39.Rc2 Kf8 40.Kg2 Ke7 41.Kf2 Kd6 42.Ke2 Nb6 43.Kd1 Nd7
44.Rc8 Ke7 45.Kc2 Nf8 46.Rc7+ Ke6 47.Nd2 Nd7 48.Rc6+ Ke7 49.Kb3 Rc5 50.Rxc5 Nxc5+
51.Kxb4 Nxd3+ 52.Kb5 Nxb2 53.a4 Nxa4 54.Kxa4 f5 55.gxf6+ Kxf6 56.Nf3 g5 57.Kb3 h4
58.gxh4 g4 59.Ne1 Kg6 60.Kc2 Kh5 61.Nd3 g3 62.Nxe5 g2 63.Nf3 Kg4 64.Ng1 Kxh4
65.Kd3 Kg3 66.Ne2+ Kg4 67.Kxd4 Kf3 68.Kd3 Kg4 69.Ke3 Kg5 70.Kf3  1-0

[Event "ch-Catalunya 2012"]
[Site "Barcelona ESP"]
[Date "2012.05.17"]
[Round "3.2"]
[White "Asis Gargatagli,H"]
[Black "Munoz Pantoja,M"]
[Result "1/2-1/2"]
[WhiteElo "2473"]
[BlackElo "2484"]

1.e4 c5 2.Nf3 Nc6 3.Nc3 Nf6 4.d4 cxd4 5.Nxd4 e5 6.Ndb5 d6 7.Bg5 a6 8.Na3 b5
9.Bxf6 gxf6 10.Nd5 Bg7 11.Bd3 Ne7 12.Nxe7 Qxe7 13.O-O O-O 14.c4 f5 15.Qh5 bxc4
16.Nxc4 d5 17.exd5 e4 18.Rfe1 Qf6 19.Bf1 Kh8 20.Rad1 Rg8 21.Re3 Rb8 22.b3 Bh6
23.Rh3 Rg6 24.Rg3 Bg5 25.Ne5 Qxe5 26.Rxg5 Rbb6 27.Rxg6 Rxg6 28.d6 Bd7 29.Qh4 f6
30.Qh3 Rg7 31.Qe3 f4 32.Qb6 h5 33.Qd4 Qf5 34.Qd5 Qg4 35.h3 Qg6 36.Re1 f5
37.a4 f3 38.Qe5 Qg5 39.Re3 Kh7 40.h4 Qxh4 41.Qh2 Qg5 42.Kh1 f4 43.Rxe4 fxg2+
44.Qxg2 Bc6 45.Qxg5 Rxg5 46.Bd3 Kg7 47.d7 Rd5 48.Rc4 Bxd7 49.Be2 Re5 50.Bf3 Be6
51.Rxf4 Bxb3  1/2-1/2

[Event "21st CRO-Cup"]
[Site "Sibenik CRO"]
[Date "2012.05.17"]
[Round "2.121"]
[White "Ilisevic,A"]
[Black "Brigljevic,M"]
[Result "0-1"]
[WhiteElo "1870"]
[BlackElo "2234"]

1.e4 c5 2.Nc3 Nc6 3.Nf3 g6 4.Be2 Bg7 5.O-O Nf6 6.d3 d6 7.h3 O-O 8.Be3 h6
9.Nh2 Nd4 10.Qd2 Kh7 11.Bd1 e5 12.f4 Ng8 13.Nd5 Be6 14.c3 Bxd5 15.exd5 Nf5
16.fxe5 Nxe3 17.Qxe3 Bxe5 18.Nf3 Bg7 19.Rb1 Qd7 20.Qd2 Ne7 21.c4 a5 22.d4 Qc7
23.b3 cxd4 24.Bc2 Rac8 25.Rbc1 Qc5 26.Bd3 Ng8 27.Ne1 Nf6 28.Nc2 Nd7 29.a4 Ne5
30.Rcd1 Rce8 31.Kh2 Qb6 32.Rb1 Qd8 33.Nxd4 Ng4+ 34.Kh1 Bxd4 35.Bxg6+ fxg6
36.Qxd4 Ne5 37.Qa7 Qc7 38.Rbd1 Kg7 39.Qd4 b6 40.Kh2 Rxf1 41.Rxf1 Rf8 42.Re1 Qc5
43.Qb2 Qf2 44.Qa1 Kh7 45.Qd1 Nf3+  0-1

[Event "Open Hradec Kralove 2012"]
[Site "Hradec Kralove CZE"]
[Date "2012.05.18"]
[Round "8"]
[White "Larsen,Pet"]
[Black "Sedlacek,Ja"]
[Result "1-0"]
[WhiteElo "2232"]
[BlackElo "1919"]

1.e4 c5 2.Nc3 Nc6 3.Bb5 e6 4.Bxc6 bxc6 5.d3 d5 6.f4 Nf6 7.Nf3 dxe4 8.dxe4 Qxd1+
9.Kxd1 Ng4 10.Ke1 c4 11.h3 Nf6 12.a3 Bc5 13.g4 O-O 14.Ke2 Ba6 15.Rd1 Rfd8
16.Be3 Nxe4 17.Nxe4 c3+ 18.Kf2 cxb2 19.Rab1 Bxa3 20.Bc5 Bxc5+ 21.Nxc5 Bb5
22.Rxb2 a5 23.c3 Kf8 24.Nd4 Rd5 25.Ne4 a4 26.Nd2 Rc5 27.c4 a3 28.Ra2 Ba4  1-0

[Event "ch-USA 2012"]
[Site "Saint Louis USA"]
[Date "2012.05.18"]
[Round "10"]
[White "Stripunsky,A"]
[Black "Ramirez,Alej"]
[Result "0-1"]
[WhiteElo "2562"]
[BlackElo "2593"]

1.e4 c5 2.Nc3 Nc6 3.Nge2 Nf6 4.g3 g6 5.Bg2 Bg7 6.d3 d6 7.h3 Rb8 8.Be3 b5
9.Qd2 b4 10.Nd1 O-O 11.O-O Qc7 12.Kh2 Ba6 13.f4 Rfd8 14.Bg1 Nd7 15.Rb1 Nb6
16.Ne3 c4 17.b3 c3 18.Qc1 e6 19.f5 exf5 20.exf5 Bb7 21.f6 Bf8 22.d4 Ba6 23.Qd1 d5
24.Re1 Rd6 25.Nf4 Qd8 26.Ng4 h5 27.Nxh5 gxh5 28.Re5 Rxf6 29.Nxf6+ Qxf6 30.Rxh5 Bg7
31.Rh4 Re8 32.Rf4 Qe6 33.Qf3 Ne7 34.Bf1 Bc8 35.Qd3 Ng6 36.Rf3 Bh6 37.Qb5 Bd2
38.Qxb4 Kg7 39.Bf2 Qe4 40.Bg2 Qxc2 41.Rf1 Ba6 42.Qa5 Bxf1 43.Bxf1 Qd1  0-1

[Event "ch-UZB Major 2012"]
[Site "Tashkent UZB"]
[Date "2012.05.19"]
[Round "3"]
[White "Galyamov,V"]
[Black "Dzhumaev,M"]
[Result "0-1"]
[WhiteElo "2237"]
[BlackElo "2495"]

1.e4 c5 2.Nf3 Nc6 3.Nc3 g6 4.d4 cxd4 5.Nxd4 Bg7 6.Nde2 Nf6 7.g3 b5 8.Bg2 Rb8
9.O-O d6 10.h3 b4 11.Nd5 Nd7 12.a3 bxa3 13.Rxa3 O-O 14.b3 a5 15.c4 Nc5 16.Ndc3 Qb6
17.Be3 Qb4 18.Bxc5 dxc5 19.Qc1 Bxc3 20.Nxc3 Nd4 21.Re1 Nxb3 22.Qb2 Nd4 23.Qa2 Be6
24.Rb1 Ne2+ 25.Kh2 Nxc3 26.Rxb4 axb4 27.Rxc3 bxc3 28.Qc2 Rb2 29.Qxc3 Rxf2
30.Kg1 Ra2 31.Qe5 Rd8 32.Bf1 h6 33.h4 Rd1 34.h5 Bh3  0-1

[Event "50th ch-IND Challengers 2012"]
[Site "Tirupati IND"]
[Date "2012.05.19"]
[Round "3.7"]
[White "Ramnath,B"]
[Black "Suresh,KT"]
[Result "1/2-1/2"]
[WhiteElo "2355"]
[BlackElo "2221"]

1.e4 c5 2.Nf3 Nc6 3.Nc3 d6 4.d4 cxd4 5.Nxd4 Nf6 6.Bc4 e6 7.Bb3 a6 8.Be3 Be7
9.Qe2 Qc7 10.O-O-O Na5 11.g4 b5 12.g5 Nxb3+ 13.axb3 Nd7 14.Kb1 Bb7 15.f3 Nc5
16.Qd2 O-O 17.h4 b4 18.Na4 Rfc8 19.h5 Bc6 20.Nxc6 Qxc6 21.Nxc5 dxc5 22.Qd7 Qxd7
23.Rxd7 Kf8 24.Rhd1 Ke8 25.Rb7 Rd8 26.Kc1 Rxd1+ 27.Kxd1 a5 28.Ke2 c4 29.f4 cxb3
30.cxb3 e5 31.fxe5 a4 32.bxa4 Rxa4 33.e6 fxe6 34.g6 hxg6 35.hxg6 Bf6 36.b3 Ra2+
37.Kf3 Bc3 38.Bg5 Rb2 39.Re7+ Kf8 40.Rf7+ Ke8 41.Re7+ Kf8 42.Rd7 Bf6 43.Rf7+ Kg8
44.Bxf6 gxf6 45.Rxf6 e5 46.Rb6 Rxb3+ 47.Kg4 Kg7 48.Kf5 Rf3+ 49.Kxe5 b3 50.Kd5 Rd3+
51.Ke6 Kxg6 52.e5 Re3 53.Rb7 Kg5 54.Rb4 Rc3 55.Kd7 Kf5 56.e6 Rd3+ 57.Ke7 Re3
58.Rb5+ Re5 59.Rxe5+ Kxe5 60.Kf7 b2 61.e7  1/2-1/2

[Event "TCh-HUN 2011-12"]
[Site "Paks HUN"]
[Date "2012.05.20"]
[Round "11"]
[White "Papp,Ga"]
[Black "Csiszar,C"]
[Result "1-0"]
[WhiteElo "2551"]
[BlackElo "2394"]

1.e4 c5 2.Nc3 Nc6 3.Nge2 Nd4 4.d3 g6 5.Nxd4 cxd4 6.Ne2 Bg7 7.c3 dxc3 8.Nxc3 d6
9.d4 Nf6 10.Bb5+ Nd7 11.O-O a6 12.Be2 O-O 13.a4 Nf6 14.Be3 Bd7 15.e5 Ne8
16.f4 e6 17.b4 Nc7 18.Qb3 Bc6 19.b5 Bd5 20.Qb4 a5 21.Qxd6 Qxd6 22.exd6 Ne8
23.f5 Nxd6 24.f6 Bh8 25.Nxd5 exd5 26.Bf4 Ne4 27.Be5 Rfe8 28.Bg4 h5 29.Bd7 Red8
30.Bh3 g5 31.g3 g4 32.Bg2 Kh7 33.Rae1 Ng5 34.Rc1 Ne6 35.h3 Kg6 36.Rf2 Ng5
37.hxg4 hxg4 38.Rc7 Rac8 39.b6 Ne4 40.Bxe4+ dxe4 41.Rf4 Kg5 42.Kf2 Re8 43.Ke3 Ra8
44.Rxb7 Re6 45.Ra7 Rxa7 46.bxa7 Ra6 47.Kxe4 Rxa7 48.d5  1-0

[Event "Caissa IM May 2012"]
[Site "Kecskemet HUN"]
[Date "2012.05.21"]
[Round "3.1"]
[White "Xu Huahua"]
[Black "Kojima,S"]
[Result "1/2-1/2"]
[WhiteElo "2168"]
[BlackElo "2264"]

1.e4 c5 2.Nf3 Nc6 3.Nc3 Nf6 4.d3 d5 5.exd5 Nxd5 6.Ne4 e5 7.Be2 Be7 8.O-O O-O
9.Re1 f6 10.c3 Be6 11.Bf1 Rc8 12.Qe2 Qd7 13.Be3 b6 14.Ned2 Rfe8 15.a4 Bf8
16.Nc4 Bg4 17.h3 Nf4 18.Bxf4 exf4 19.Qd2 Bxf3 20.gxf3 Qf5 21.Re4 Ne5 22.Qxf4 Nxf3+
23.Kh1 Qxf4 24.Rxf4 Ng5 25.h4 Nf7 26.Re4 Nd6 27.Nxd6 Bxd6 28.Rae1 Kf7 29.Rxe8 Rxe8
30.Rxe8 Kxe8 31.Bg2 Bf4 32.Be4 g6 33.Kg2 Ke7 34.Kf3 Bc1 35.b4 Bb2 36.bxc5 bxc5
37.c4 Kd6 38.Kf4 a5 39.Bd5 Bc1+ 40.Kf3 Ke5 41.Bg8 h5 42.Bf7 Kf5 43.Kg3 Bf4+
44.Kh3 Be5 45.Be8 Bd4 46.Kg3 g5 47.hxg5 Kxg5 48.f4+ Kh6 49.Bd7 Kg6 50.Be8+ Kh6
51.Bd7  1/2-1/2

[Event "50th ch-IND Challengers 2012"]
[Site "Tirupati IND"]
[Date "2012.05.22"]
[Round "7.2"]
[White "Roy Chowdhury,S"]
[Black "G.,A"]
[Result "0-1"]
[WhiteElo "2411"]
[BlackElo "2275"]

1.e4 c5 2.Nf3 Nc6 3.Nc3 Nf6 4.Bb5 Qc7 5.d3 Nd4 6.Ba4 e6 7.Nxd4 cxd4 8.Ne2 Bb4+
9.Bd2 Bxd2+ 10.Qxd2 Qb6 11.O-O O-O 12.e5 Nd5 13.Bb3 Qc5 14.Rae1 Ne7 15.Ng3 b5
16.f4 d5 17.Kh1 a5 18.c3 dxc3 19.bxc3 d4 20.Qf2 a4 21.Bd1 Bb7 22.cxd4 Qa3
23.Bf3 Bxf3 24.Qxf3 Qxa2 25.Qb7 Nd5 26.f5 Rab8 27.Qa7 Qd2 28.Rd1 Qc2 29.Rc1 Qxd3
30.Rcd1 Qc2 31.Rc1 Qd3 32.Rcd1 Qa3 33.Ra1 Qe7 34.Qa5 Qc7 35.Qd2 Qc3 36.Qg5 Qe3
37.Qg4 Qh6 38.Rf3 Rbc8 39.h3 Ne3 40.Qe4 Nxf5 41.Rxf5 exf5 42.Nxf5 Qg5 43.Kh2 g6
44.Nd6 Rc3 45.Rf1 Qg3+ 46.Kh1 Qd3 47.Qf4 Qe3 48.Qf6 Rc1 49.Rxc1 Qxc1+ 50.Kh2 Qe3
51.Nxb5 a3 52.Qa6 Qf4+ 53.Kg1 a2  0-1

[Event "Salento Open 2012"]
[Site "Gallipoli ITA"]
[Date "2012.05.23"]
[Round "6"]
[White "Pizzuto,S"]
[Black "Arnetta,MariaT"]
[Result "1-0"]
[WhiteElo "2132"]
[BlackElo "2020"]

1.e4 c5 2.Nc3 Nc6 3.Bb5 Nd4 4.Bc4 e6 5.Nge2 a6 6.d3 Nf6 7.O-O d5 8.exd5 exd5
9.Nxd5 Nxd5 10.Nxd4 cxd4 11.Qh5 Be6 12.Re1 Nf6 13.Rxe6+ Be7 14.Rxf6 gxf6
15.Qxf7+ Kd7 16.Bf4 Qa5 17.Qe6+ Kd8 18.Re1 Re8 19.a3 Qc5 20.Re4 b5 21.b4 Qa7
22.Qd5+ Kc8 23.Qc6+ Kd8 24.Rxd4+ Bd6 25.Qxd6+  1-0

[Event "50th ch-IND Challengers 2012"]
[Site "Tirupati IND"]
[Date "2012.05.23"]
[Round "8.13"]
[White "Dhar,R"]
[Black "Ramnath,B"]
[Result "1/2-1/2"]
[WhiteElo "2158"]
[BlackElo "2355"]

1.e4 c5 2.Nc3 Nc6 3.Nge2 Nf6 4.d4 cxd4 5.Nxd4 e5 6.Ndb5 d6 7.Bg5 a6 8.Na3 b5
9.Nd5 Be7 10.Bxf6 Bxf6 11.c3 Ne7 12.Nxf6+ gxf6 13.Bd3 d5 14.Nc2 Bb7 15.exd5 Qxd5
16.Ne3 Qe6 17.Qc2 e4 18.Be2 f5 19.g3 Rd8 20.a4 O-O 21.axb5 axb5 22.Bxb5 Ng6
23.Be2 f4 24.gxf4 Nxf4 25.Rg1+ Kh8 26.Ra5 Nd3+ 27.Kf1 Qh3+ 28.Rg2 Nf4 29.Bg4 Qh6
30.Rg3 Rd3  1/2-1/2

[Event "ch-UZB Major 2012"]
[Site "Tashkent UZB"]
[Date "2012.05.24"]
[Round "8"]
[White "Galyamov,V"]
[Black "Kvon,A"]
[Result "0-1"]
[WhiteElo "2237"]
[BlackElo "2499"]

1.e4 c5 2.Nf3 Nc6 3.Nc3 d6 4.d4 cxd4 5.Nxd4 Nf6 6.h3 g6 7.g3 Bg7 8.Bg2 Bd7
9.Nde2 Qc8 10.Be3 O-O 11.Qd2 b5 12.Nxb5 Qb7 13.c4 Ne5 14.Qc2 Nxc4 15.Qxc4 Bxb5
16.Qc2 Rac8 17.Nc3 Nd7 18.f4 Nc5 19.e5 Nd3+ 20.Kd1 Qa6 21.a4 dxe5 22.axb5 Qxa1+
23.Kd2 Qxb2 24.Qxb2 Nxb2 25.Bxa7 Rfd8+ 26.Kc2 e4 27.Kxb2 Rxc3  0-1

[Event "4th GM POL-UKR Match"]
[Site "Lublin POL"]
[Date "2012.05.27"]
[Round "4"]
[White "Bartel,Mat"]
[Black "Korobov,A"]
[Result "0-1"]
[WhiteElo "2677"]
[BlackElo "2678"]

1.e4 c5 2.Nc3 Nc6 3.Nf3 d6 4.d4 cxd4 5.Nxd4 Nf6 6.g3 g6 7.Nde2 Bg7 8.Bg2 O-O
9.O-O Be6 10.Nf4 Bc4 11.Re1 Ba6 12.a4 Nd7 13.Nb5 Nde5 14.Nd5 Rc8 15.c3 e6
16.Ne3 Qb6 17.f4 Nc4 18.Kh1 Bxb5 19.axb5 Nxe3 20.Bxe3 Qxb5 21.Ra2 Na5 22.Bf1 Nc4
23.Bxa7 Qc6 24.Bf2 b5 25.Qe2 Ra8 26.Rea1 Rxa2 27.Rxa2 Ra8 28.Rxa8+ Qxa8 29.b3 Na5
30.Qc2 Qc6 31.c4 f5 32.Bg2 bxc4 33.exf5 d5 34.fxe6 Qxe6 35.bxc4 Nxc4 36.Qa4 h5
37.Qa8+ Kh7 38.Bxd5 Qe2 39.Bg1 Nd6 40.Qd8 Ne4  0-1

[Event "ch-GER Junior U18 g 2012"]
[Site "Oberhof GER"]
[Date "2012.05.27"]
[Round "2.1"]
[White "Stark,Sas"]
[Black "Schulz,A2"]
[Result "1/2-1/2"]
[WhiteElo "1980"]
[BlackElo "2124"]

1.e4 c5 2.Nc3 Nc6 3.Bb5 g6 4.Bxc6 dxc6 5.d3 Bg7 6.h3 Nf6 7.Nge2 O-O 8.Be3 b6
9.Qd2 Qc7 10.Bh6 Rd8 11.Bxg7 Kxg7 12.Qg5 h6 13.Qg3 Qxg3 14.Nxg3 e5 15.O-O Be6
16.b3 b5 17.Rfd1 Nd7 18.Nge2 Nb6 19.f4 f6 20.g4 Bf7 21.f5 gxf5 22.gxf5 b4
23.Nb1 c4 24.bxc4 Nxc4 25.Kf2 Nb6 26.Nd2 c5 27.Rdb1 a5 28.a3 Rdb8 29.c3 Na4
30.axb4 axb4 31.c4 Kh7 32.Nb3 Rd8 33.Ke3 Ra6 34.Ra2 Be8 35.Rba1 Rda8 36.Nec1 Bh5
37.Rg2 Be8 38.Raa2 Rc6 39.Ra1 Rc7 40.Raa2 Raa7 41.Ra1 Rg7 42.Raa2 Rxg2 43.Rxg2 Rc7
44.Kd2 Bf7 45.Ke3 Rc8 46.Ra2 Be8 47.Kf3 Kg7 48.Rg2+ Kf8 49.Ke3 Rc7  1/2-1/2

[Event "4th Limpedea Cup"]
[Site "Baia Sprie ROU"]
[Date "2012.05.29"]
[Round "10.3"]
[White "Papp,Ga"]
[Black "Shishkin,Va UKR"]
[Result "1-0"]
[WhiteElo "2552"]
[BlackElo "2492"]

1.e4 c5 2.Nc3 Nc6 3.Nge2 Nf6 4.d4 cxd4 5.Nxd4 d6 6.Bg5 Bd7 7.Qd2 h6 8.Bxf6 gxf6
9.f4 Qa5 10.O-O-O Nxd4 11.Qxd4 Rc8 12.Kb1 Qc5 13.Qd3 f5 14.exf5 Bxf5 15.Qg3 Be6
16.Bb5+ Kd8 17.Ba4 h5 18.Bb3 h4 19.Qd3 Bxb3 20.axb3 Bg7 21.Ne4 Qf5 22.Rhf1 Kc7
23.g4 hxg3 24.hxg3 Kb8 25.g4 Qa5 26.f5 Be5 27.f6 e6 28.Nxd6 Rhd8 29.Qb5 Qxb5
30.Nxb5 Rxd1+ 31.Rxd1 a6 32.Re1 Bxf6 33.Nd6 Rf8 34.Rf1 Kc7 35.Nxb7 Be7 36.Na5 f5
37.gxf5 exf5 38.Nc4 f4 39.c3 Bc5 40.b4 Ba7 41.Ne5 Rf5 42.Nf3 Rf6 43.Kc2 Be3
44.Rh1 Rg6 45.Rh7+ Kb8 46.Kd3 Rg3 47.Ne5 Bc1+ 48.Kc2 Be3 49.Rf7 Rg2+ 50.Kb3 Rg1
51.Kc4 Rf1 52.Kd5 Rh1 53.c4 Rh2 54.c5 Rxb2 55.Kc6 Ka8 56.Nc4 Rxb4 57.Nb6+  1-0

[Event "1st Euro 2012 Open"]
[Site "Lviv UKR"]
[Date "2012.05.31"]
[Round "5"]
[White "Nayhebaver,Martin"]
[Black "Antoshkiv,A"]
[Result "1-0"]
[WhiteElo "2141"]
[BlackElo "1731"]

1.e4 c5 2.Nf3 Nc6 3.Nc3 d6 4.d4 cxd4 5.Nxd4 Nf6 6.Bg5 e5 7.Ndb5 a6 8.Na3 b5
9.Nd5 Be7 10.Bxf6 Bxf6 11.c4 b4 12.Nc2 a5 13.Qf3 Bg5 14.Rd1 O-O 15.h4 Bh6
16.g4 Bf4 17.Be2 Re8 18.c5 Re6 19.g5 Bb7 20.Bc4 Rg6 21.Nxf4 exf4 22.Qxf4 Ne5
23.Bd5 Bxd5 24.Rxd5 Nc4 25.b3 Nb2 26.O-O h6 27.Rb1 hxg5 28.hxg5 Nd3 29.Rxd3 Rxg5+
30.Rg3 Rxc5 31.Nd4 Qc7 32.Nf5 g6 33.Qh6 Rxf5 34.exf5  1-0

[Event "1st Euro 2012 Open"]
[Site "Lviv UKR"]
[Date "2012.05.31"]
[Round "6"]
[White "Buksa,N"]
[Black "Nayhebaver,Martin"]
[Result "1-0"]
[WhiteElo "2101"]
[BlackElo "2141"]

1.e4 c5 2.Nf3 Nc6 3.Nc3 Nf6 4.Bc4 Qc7 5.O-O e6 6.Bb3 a6 7.a4 Nd4 8.Nxd4 cxd4
9.Ne2 Nxe4 10.Nxd4 Nf6 11.Nf3 b6 12.d4 Bb7 13.Re1 Be7 14.c3 h6 15.Bc2 d6
16.Qe2 O-O 17.h3 Rfe8 18.Bf4 Bc6 19.Nd2 Qb7 20.f3 Bf8 21.Ne4 Nxe4 22.fxe4 e5
23.dxe5 dxe5 24.Bg3 Rad8 25.Red1 b5 26.a5 Qa7+ 27.Kh2 Qc5 28.Bb3  1-0

[Event "ch-GER Junior U18 g 2012"]
[Site "Oberhof GER"]
[Date "2012.05.31"]
[Round "7.4"]
[White "Stark,Sas"]
[Black "Marx,I"]
[Result "1-0"]
[WhiteElo "1980"]
[BlackElo "1804"]

1.e4 c5 2.Nc3 Nc6 3.Bb5 g6 4.Bxc6 dxc6 5.d3 Bg7 6.h3 e5 7.Be3 b6 8.Qd2 Be6
9.b3 f6 10.Nge2 g5 11.h4 g4 12.h5 h6 13.f4 exf4 14.Nxf4 Bf7 15.Qe2 Qd7 16.Rh4 Kf8
17.O-O-O f5 18.Bd2 Re8 19.Rf1 Ne7 20.Qf2 Bd4 21.Qg3 Bf6 22.Rhh1 Qd4 23.Nfe2 Qb4
24.Nb1 Qb5 25.Qd6 Kg7 26.e5 Bg5 27.Bxg5 hxg5 28.Qf6+ Kg8 29.e6  1-0

[Event "ch-GER Junior U18 g 2012"]
[Site "Oberhof GER"]
[Date "2012.05.31"]
[Round "7.5"]
[White "Tran,My Linh"]
[Black "Lange,Anika"]
[Result "1-0"]
[WhiteElo "2030"]
[BlackElo "1621"]

1.e4 c5 2.Nc3 Nc6 3.Bb5 e6 4.Bxc6 dxc6 5.f4 g6 6.Nf3 Bg7 7.d3 Nf6 8.O-O O-O
9.Qe1 Qc7 10.Qh4 Bd7 11.Kh1 Qd8 12.Be3 b6 13.Rae1 Ne8 14.Qg3 Nc7 15.Bc1 Re8
16.a3 Bc8 17.Ne5 Bd7 18.Nc4 Bc8 19.e5 Rf8 20.Ne4 Ne8 21.Ncd6 f5 22.exf6 Nxf6
23.Nxf6+ Bxf6 24.Nc4 Bh4 25.Qe3 Bxe1 26.Rxe1 Qd4 27.Qe2 Qg7 28.Ne5 Qc7 29.Qg4 Re8
30.Bd2 Bb7 31.Bc3 Re7 32.Re3 Rf8 33.Rg3 Rff7 34.Nxg6 hxg6 35.Qxg6+ Rg7 36.Bxg7 Rxg7
37.Qe8+ Kh7 38.Rh3+  1-0

[Event "Campeonato Individual Madrid 2012"]
[Site "Madrid ESP"]
[Date "2012.06.01"]
[Round "1.2"]
[White "Cerrato Torrijos,M"]
[Black "Moreno Ruiz,J"]
[Result "0-1"]
[WhiteElo "2116"]
[BlackElo "2513"]

1.e4 c5 2.Nc3 Nc6 3.Nf3 e5 4.Bc4 Be7 5.d3 Nf6 6.Ng5 O-O 7.f4 exf4 8.Bxf4 d6
9.O-O h6 10.Nf3 Be6 11.Nd5 Nb4 12.Nxe7+ Qxe7 13.Bxe6 fxe6 14.e5 Nfd5 15.exd6 Qd7
16.Bd2 Qxd6 17.a3 Nc6 18.Qe2 Rf6 19.Rae1 Raf8 20.Qe4 e5 21.Be3 b6 22.Nd2 Nd4
23.Bxd4 exd4 24.Rxf6 Nxf6 25.Qe6+ Qxe6 26.Rxe6 Kf7 27.Re2 Re8 28.Rxe8 Kxe8
29.Kf2 Kd7 30.Kf3 Ke6 31.Ne4 Nd5 32.g3 Ke5 33.Nd2 Ne3 34.c3 dxc3 35.bxc3 Nd5
36.Ne4 h5 37.h3 g6 38.Kf2 c4 39.Ke2 cxd3+ 40.Kxd3 h4 41.gxh4 Nf4+ 42.Ke3 Ng2+
43.Kd3 Nxh4 44.c4 Ng2 45.Nf2 Ne1+ 46.Kd2 Ng2 47.Kd3 g5 48.c5 b5 49.Kc3 a5
50.c6 Nf4 51.Kb3 Ne6 52.a4 Nc5+ 53.Ka3 Nxa4 54.Ng4+ Kd6 55.Nf6 Nc5  0-1

[Event "Albena Masters Open 2012"]
[Site "Albena BUL"]
[Date "2012.06.02"]
[Round "8.44"]
[White "Solak,R"]
[Black "Iovcov,V"]
[Result "0-1"]
[WhiteElo "2010"]
[BlackElo "2171"]

1.e4 c5 2.Nc3 Nc6 3.Bb5 Nd4 4.Bc4 e6 5.Nge2 Nf6 6.O-O a6 7.a4 d5 8.exd5 exd5
9.Nxd5 Nxd5 10.Nxd4 cxd4 11.Qh5 Be6 12.Re1 Be7 13.Rxe6 Nf4 14.Rxe7+ Qxe7
15.Qg4 Ng6 16.b3 Qe1+ 17.Bf1 O-O 18.Qxd4 Rad8 19.Qe3 Rfe8 20.Qxe1 Rxe1 21.d3 Rc8
22.c4 Nf4 23.Bb2 Rce8 24.g3 Nxd3 25.Rxe1 Rxe1 26.Bd4 Nc1 27.Kg2 Nxb3 28.Bb6 Ra1
29.Bd3 Rxa4 30.Kf3 Nd2+ 31.Ke2 Nxc4 32.Bc7 b5 33.h4 Ra2+ 34.Kf3 a5 35.Ke4 Rxf2
36.Kd4 a4 37.Kc3 a3 38.Bxc4 bxc4 39.Be5 a2  0-1

[Event "Women's World Rapid Championship 2012"]
[Site "Batumi GEO"]
[Date "2012.06.02"]
[Round "7.15"]
[White "Ding Yixin"]
[Black "Kovalevskaya,E"]
[Result "1/2-1/2"]
[WhiteElo "2353"]
[BlackElo "2417"]

1.e4 c5 2.Ne2 Nc6 3.Nbc3 e5 4.g3 Nf6 5.Bg2 d6 6.O-O Be7 7.h3 O-O 8.d3 Nd4
9.f4 Bd7 10.g4 Nxe2+ 11.Nxe2 exf4 12.Bxf4 Bc6 13.Ng3 Ne8 14.Nf5 Nc7 15.c3 Ne6
16.Bg3 Re8 17.Qf3 Bf8 18.h4 Qd7 19.g5 Rad8 20.Ne3 Nc7 21.Nd5 Bxd5 22.exd5 Re7
23.Rae1 Rde8 24.Re4 Rxe4 25.dxe4 g6 26.Qf4 Rd8 27.e5 dxe5 28.Qxe5 Ne8 29.Kh2 Bd6
30.Qe3 Qc7 31.c4 Bxg3+ 32.Qxg3 Qxg3+ 33.Kxg3 Nd6 34.b3 Kf8 35.Re1 Re8 36.Rxe8+ Kxe8
37.Bh3 Ke7 38.Kf4 f5 39.gxf6+ Kxf6 40.Be6 h6 41.Bd7 b6 42.Bh3 Nf7 43.a3 Nd6
44.Be6 Nb7 45.Bd7 Nd6 46.Be6 Nb7 47.Bd7 Nd6 48.Be6 Nb7 49.Ke4  1/2-1/2

[Event "Mitropa Cup 2012"]
[Site "Sibenik CRO"]
[Date "2012.06.02"]
[Round "3"]
[White "Shytaj,L"]
[Black "Straka,Joz2"]
[Result "1-0"]
[WhiteElo "2496"]
[BlackElo "2373"]

1.e4 c5 2.Nf3 Nc6 3.Nc3 d6 4.d4 cxd4 5.Nxd4 Nf6 6.Bg5 e6 7.Qd2 a6 8.O-O-O Bd7
9.f3 Be7 10.h4 h6 11.Be3 h5 12.Bg5 Qc7 13.Qe1 Nxd4 14.Rxd4 b5 15.Kb1 Rc8
16.Qd1 Qb7 17.Ne2 a5 18.Ng3 a4 19.Be2 Qc7 20.a3 Bc6 21.Re1 O-O 22.f4 e5 23.Rd2 Nxe4
24.Nxe4 Bxe4 25.Bxe7 Qxe7 26.Bxb5 exf4 27.Bxa4 Rfd8 28.Bb3 Qb7 29.Qxh5 d5
30.Qd1 Qxb3 31.Rxe4 Qg3 32.Red4 Qxh4 33.Rxd5 Rxd5 34.Rxd5 Re8 35.Ka2 g6 36.Qd2 Qf6
37.c4 Re5 38.Qd4 Re6 39.Qxf6 Rxf6 40.c5 Re6 41.Kb3 f6 42.Kc3 g5 43.b4 Re3+
44.Rd3 Re1 45.b5 Rc1+ 46.Kd4 Rc2 47.c6  1-0

[Event "Women's World Rapid Championship 2012"]
[Site "Batumi GEO"]
[Date "2012.06.03"]
[Round "10.14"]
[White "Gvetadze,Sopi"]
[Black "Muzychuk,M"]
[Result "1/2-1/2"]
[WhiteElo "2338"]
[BlackElo "2456"]

1.e4 c5 2.Nf3 Nc6 3.Nc3 Nf6 4.Bb5 Qc7 5.d3 Nd4 6.Bc4 Nxf3+ 7.Qxf3 e6 8.O-O d6
9.a4 Bd7 10.Qe2 Be7 11.f4 Bc6 12.e5 dxe5 13.fxe5 Nd5 14.Bxd5 exd5 15.e6 O-O
16.Rxf7 Rxf7 17.exf7+ Kxf7 18.Qh5+ Kg8 19.Nxd5 Qd7 20.Nxe7+ Qxe7 21.Bd2 Rf8
22.Re1 Qf6 23.Qxc5 b6 24.Qe3 Bxa4 25.Bc3 Qf7 26.b3 Bd7 27.Be5 Bc6 28.c4 b5
29.Qe2 a5 30.Rf1 Qa7+ 31.d4 Rxf1+ 32.Qxf1 Qb6 33.Qf5 Be8 34.Qc8 Qc6 35.Qxc6 Bxc6
36.d5 Bb7 37.Kf2 a4 38.bxa4 bxc4 39.d6 Kf7 40.Ke3 Bxg2 41.Kd4 Ke6 42.a5 Bb7
43.Kxc4 g5 44.Kc5 Kd7 45.Kb6 Be4 46.Ka7 Kc8 47.Bf6 g4 48.Bh4 Bc6 49.Bg3 h5
50.Kb6 Kd7 51.Kc5 Bb7 52.Kb6 Be4 53.a6 h4 54.Bxh4 Kxd6 55.Ka7 Kc7 56.Bg3+ Kc8
57.Kb6 Bd3 58.a7 Be4 59.Kc5 Kb7 60.Bb8 Bf5 61.Kd4 Be6 62.Ke5 Bd7 63.Kd6 Bf5
64.Ke7 Bd3 65.Kf6 Bb5 66.Kg5 Bd7 67.Kf4 Be6 68.Ke5 Bd7 69.Kd6 Bf5 70.Ke5  1/2-1/2

[Event "TCh-FRA Top 12 2012"]
[Site "Belfort FRA"]
[Date "2012.06.03"]
[Round "4.7"]
[White "Milliet,S"]
[Black "Demuth,A"]
[Result "1/2-1/2"]
[WhiteElo "2387"]
[BlackElo "2423"]

1.e4 c5 2.Nf3 Nc6 3.Nc3 d6 4.d4 cxd4 5.Nxd4 Nf6 6.Bc4 Qb6 7.Nb3 e6 8.Bf4 Ne5
9.Be2 a6 10.Qd2 Qc7 11.a4 Be7 12.O-O O-O 13.a5 Bd7 14.f3 Rac8 15.Rfd1 Rfd8
16.Bf1 Be8 17.Be3 Nfd7 18.Qf2 Nc4 19.Bxc4 Qxc4 20.Rd2 Qc6 21.Na4 Ne5 22.Nb6 Nc4  1/2-1/2

[Event "TCh-FRA Top 12 2012"]
[Site "Belfort FRA"]
[Date "2012.06.03"]
[Round "4.2"]
[White "Brochet,P"]
[Black "Naiditsch,A"]
[Result "0-1"]
[WhiteElo "2383"]
[BlackElo "2698"]

1.e4 c5 2.Nc3 Nc6 3.Bb5 e6 4.Nf3 Nge7 5.O-O a6 6.Bxc6 Nxc6 7.d4 cxd4 8.Nxd4 d6
9.Re1 Be7 10.Nxc6 bxc6 11.Qg4 Kf8 12.Be3 Rb8 13.Na4 h5 14.Qf3 e5 15.Bd2 g6
16.c4 Kg7 17.Bc3 f6 18.Qe3 Bd7 19.b3 h4 20.Rad1 c5 21.f4 Rh5 22.Rd3 Bxa4
23.bxa4 Qe8 24.fxe5 fxe5 25.Qh3 Rh8 26.Qe6 Rf8 27.Rf3 Rxf3 28.gxf3 Rb7 29.f4 Qxa4
30.fxe5 Qc2 31.Ba1 d5 32.Qxd5 h3 33.e6+ Kh7 34.e5 Rb1 35.Bc3 Bg5 36.Qf3 Rxe1+
37.Bxe1 Qxc4 38.Qg3 Qd4+ 39.Kf1 Qc4+ 40.Kg1 Qd4+ 41.Kf1 Be7 42.Qxh3+ Kg7
43.Qb3 Qe4 44.Bf2 c4 45.Qb6 Qd3+ 46.Kg2 Qd5+ 47.Kf1 Kh6 48.Be3+ Kh5 49.Qd4 Qf3+
50.Kg1 Bh4 51.Qf4 Qxf4 52.Bxf4 Kg4 53.Bd2 Kf5 54.Bc3 Kxe6 55.Kg2 Bd8 56.Kf3 Kf5
57.Ke3 Bb6+ 58.Bd4 Bc7 59.Kd2 Ke6 60.a4 Kd5 61.e6 Kxe6 62.h3 Kd5 63.Bg7 Be5
64.Bf8 Bf6 65.Bb4 Ke4 66.Ke2 c3 67.Ba5 Kd4  0-1